000 00433nam a2200145Ia 4500
003 OSt
005 20260331150442.0
008 211028s2011 xx 000 0 und d
040 _cAIMIT LIBRARY
041 _aeng
100 _aKumar N, Naveen;Achar, Sumitha.
_g916059
_96821
245 _aTo analyze the market potential for establishing a bookmark store at Manipal /
260 _aManipal
_bAchar, Sumitha
_c2011
942 _2ddc
_cPRO
999 _c218391
_d218391